|
|
|
|
| LEADER |
00000cam a2200000 7i4500 |
| 001 |
0000123743 |
| 005 |
20080904.0 |
| 020 |
|
|
|a 9780465002917
|
| 090 |
0 |
0 |
|a 973.099
|b FEL
|
| 100 |
1 |
|
|a Felzenberg, Alvin S.
|
| 245 |
1 |
4 |
|a The leaders we deserved (and a few we didn't) :
|b rethinking the presidential rating game
|c Alvin S. Felzenberg
|
| 260 |
|
|
|a New York :
|b Basic Books ,
|c 2008
|
| 300 |
|
|
|a 442p. ;
|c 25cm.
|
| 650 |
0 |
0 |
|a Presidents
|x Rating of
|z United States
|
| 650 |
0 |
0 |
|a Presidents
|z United States
|x Biography
|
| 650 |
0 |
0 |
|a Presidents
|z United States
|x History
|
| 999 |
|
|
|a 00218977
|b BUKU
|c RUJUKAN
|e PERPUSTAKAAN KOMUNITI PETALING JAYA
|